| 000 | 00503nam a2200181 a 4500 | ||
|---|---|---|---|
| 005 | 20240924070226.0 | ||
| 008 | 991125c1965 mx 000 0 spa u | ||
| 035 | _aUPN01000023040 | ||
| 049 | _aCG | ||
| 050 | 4 |
_aBJ66 _bF7.48 |
|
| 100 | 1 | _aFrankena, William K. | |
| 245 | 1 | 0 |
_aEtica / _cpor William K. Frankena ; tr. Carlos Gerhard. |
| 260 |
_aMéxico : _bUTEHA, _c1965. |
||
| 300 | _a176 p. | ||
| 440 | 0 |
_aManuales UTEHA ; _v286. _pSección 7. _pFilosofía |
|
| 650 | 4 |
_aÉtica _912720 |
|
| 905 | _aLibro | ||
| 999 |
_c23040 _d23040 |
||